Regionen von Neuseeland - Statistiken

Allgemein
  • Dieses Quiz wurde 290 mal gespielt
  • Das Durchschnittsergebnis liegt bei 6 aus 16
Antworten auf der Karte
Die Antworten werden auf der Karte rot bzw. grün angezeigt, abhängig davon wie oft sie richtig erraten wurden.
 
Antwortstatistiken
Einwohnerzahl Region % Korrekt
1,570,500 Auckland
93%
496,900 Wellington
93%
168,300 Northland
43%
32,700 West Coast
39%
97,300 Southland
38%
49,900 Nelson
37%
287,100 Bay of Plenty
36%
215,100 Otago
34%
47,400 Gisborne
30%
586,500 Canterbury
29%
45,300 Marlborough
28%
160,100 Hawke's Bay
26%
115,800 Taranaki
26%
49,500 Tasman
26%
439,200 Waikato
26%
234,500 Manawatu-Wanganui
23%
Keine übereinstimmenden Quizze gefunden
Verteilung der Resultate
Anzahl Personen mit jedem Resultat
Perzentil nach korrekt beantworteten Fragen
Ihre Resultats-Entwicklung
Sie haben dieses Quiz noch nicht gespielt